|
|
|
|
| LEADER |
00726nta a2200193 i 4500 |
| 001 |
dipl94246 |
| 005 |
20201117102731.0 |
| 008 |
201117s2018 hu om 0|| zxx d |
| 040 |
|
|
|a SZTE Diploma Repozitórium
|b hun
|
| 041 |
|
|
|a zxx
|
| 100 |
1 |
|
|a Szőke Szilvia
|
| 245 |
1 |
2 |
|a A dentális plakk szerepe a caries kialakulásában
|h [elektronikus dokumentum] /
|c Szilvia Szőke
|
| 246 |
1 |
0 |
|a The role of dental plaque in the evolution of caries
|h [elektronikus dokumentum]
|
| 260 |
|
|
|c 2018
|
| 650 |
|
4 |
|a Orvos- és egészségtudományok
|
| 650 |
|
4 |
|a Medical and health sciences
|
| 650 |
|
4 |
|a Health sciences
|
| 700 |
1 |
|
|a Minárovits János
|e ths
|
| 856 |
4 |
0 |
|u http://diploma.bibl.u-szeged.hu/id/eprint/94246/1/2018_2398.pdf
|z Dokumentum-elérés
|